Statistiken für Eissorten nach Alphabet

Klicken Sie hier um das Quiz zu spielen!

Allgemein

  • Dieses Quiz wurde 1.718 mal gespielt
    (1.700 seit der letzten Aktualisierung)
  • Das Durchschnittsergebnis liegt bei 18 aus 22

Antwortstatistiken

HintAntwort% Korrekt
AAmaretto, Apfel, Aprikose, Ananas, After Eight, Amarena
98%
BBirne, Banane, Baileys, Blaubeere, Blutorange, Buttermilch, Brombeer, Blauer Engel, Brownie, Bubblegum
97%
SSchokolade, Sandorn, Schlumpf, Stracciatella, Stachelbeer, Schwarzwälder Kirsch, Salzkaramell, Sahne, Sorbet
97%
EErdbeer, Erdnuss, Einhorn, Erdbeer-Käsekuchen, Eierlikör
95%
HHeidelbeer, Himbeer, Honigmelone, Haselnuss, Honig, Holunder
95%
MMelone, Malaga, Mango, Macadamia, Maracuja, Mozart, Marzipan, Mandel, Mohn, Mokka
93%
KKirsche, Kirsch-Sahne, Kaffee, Karamell, Kokos, Kinderriegel, Kiwi, Kaugummi
92%
NNougat, Nuss, Nutella, Nektarine, Nashi
92%
ZZitrone, Zimt, Zabaione, Zartbitter, Zuppa Inglese, Zwetschge
91%
WWaldmeister, Wassermelone, Waldbeere, Walnuss, Weiße Schokolade, Whiskey, Waldfrucht
88%
PPfirsich, Papaya, Pink Grapefruit, Passionsfrucht, Pistazie, Pecan, Pina Colada, Pflaume, Preiselbeere
83%
JJoghurt, Johannisbeer
82%
VVanille, Vollmilchschokolade, Vegan
82%
OOrange, Oreo
79%
DDattel, Drachenfrucht, Dunkle Schokolade, Donut, Duplo
73%
LLimette, Lemon, Litschi, Lebkuchen, Latte-Macchiato, Limone
73%
TTonka, Tiramisu, Twix, Traube, Toffee, Tuttifrutti
73%
FFeige, Fanta, Früchte, Ferrero
66%
CCookie, Caramell, Cappuccino, Cafe au lait, Cookie dough, Clementine, Coffee, Cranberry
64%
QQuitte, Quark
64%
GGrapefruit, Granatapfel, Griechischer Joghurt, Giotto, Gebrannte Mandel
55%
RRhabarber, Rocky Road, Rocher, Raffaello, Rainbow, Rum
44%

Verteilung der Resultate

Perzentil nach korrekt beantworteten Fragen

Anzahl Personen mit jedem Resultat

Ihre Resultats-Entwicklung

Sie haben dieses Quiz seit der letzten Aktualisierung nicht gespielt